000 01104nam a22003850a 4500
001 PT58757
003 AR-LpoUNG
005 20260120151724.0
008 201001s2016||||ag |||||||||||||||||spa d
020 _a9789876302395
_c$4
040 _aAR-LpoUNG
_bspa
_eaacr
041 _aspa
044 _aag
082 0 _a980.033 547cir
100 1 _aBertonha, João Fábio
_ecomp.
245 1 0 _aCircule por la derecha :
_bpercepciones, redes y contactos entre las derechas sudamericanas : 1917-1973
250 _a1ra. ed.
260 _aLos Polvorines :
_bUniversidad Nacional de General Sarmiento,
_c2016.
300 _a315 p. :
_btbls.
490 0 _aHumanidades
650 4 _aASPECTOS ECONOMICOS
650 4 _aCIENCIAS POLITICAS
650 4 _aESTADO
650 4 _aHISTORIA
650 4 _aHISTORIA POLITICA
650 4 _aIDEOLOGIAS POLITICAS
650 4 _aMEDIOS DE COMUNICACION DE MASAS
650 4 _aPARTIDOS POLITICOS
650 4 _aPODER POLITICO
650 4 _aPERONISMO
651 4 _aArgentina
700 1 _aBohoslavsky, Ernesto
_ecomp.
905 _a58757
942 _cLIB
_2ddc
999 _c51497
_d51497